000
00266nam a2200109Ia 4500
008
190914s9999||||xx |||||||||||||| ||und||
100
_a
Wayne L. Winston
245
0
_a
Operations Research
260
_a
New Delhi
_b
Tata McGraw Hill
_c
2002
300
_a
764
942
_c
BK
999
_c
9627
_d
9627